000 00282nam a2200121Ia 4500
008 190216s9999||||xx |||||||||||||| ||und||
100 _aSingh S K
245 0 _aPublic Finance In Theory And Practice
260 _bS Chand & Co
300 _a657
650 _aEconomics
942 _cBK
999 _c10851
_d10851